000 00580nam a22002057a 4500
005 20140527064155.0
008 140527b xxu||||| |||| 00| 0 eng d
020 _a9780071787871
024 0 _ceng
080 _a339.138
100 _aBueno J. Bolivar
245 _aCustomers First/
_cBolivar J. Bueno
250 _a1 st.ed.;
260 _aAmerica
_bMcGraw-Hill
_c2012
300 _a218 f.:
_c23 cm,
500 _aIndex f. 215 - 218
650 _aMarketingu
650 _aMarkat Tregtare
942 _2udc
_cBK
999 _c469
_d469